[Event "Open"]
[Site "Batumi GEO"]
[Date "2001.06.29"]
[Round "4"]
[White "Magalashvili,D"]
[Black "Pantsulaia,L"]
[Result "1/2-1/2"]
[WhiteElo "2089"]
[BlackElo "2327"]

1.d4 Nf6 2.c4 c5 3.d5 e6 4.Nc3 exd5 5.cxd5 d6 6.Nf3 g6 7.Nd2 Nbd7 8.e4 Bg7
9.Nc4 Nb6 10.Ne3 O-O 11.Bd3 Bd7 12.a4 a6 13.O-O Ne8 14.a5 Nc8 15.Nc4 Nc7
16.Be3 Nb5 17.Na4 Nd4 18.Nab6 Nxb6 19.Nxb6 Rb8 20.Rb1 Nb5 21.Qc1 Re8 22.b4 Nc3
23.bxc5 dxc5 24.Bxc5 Rxe4 25.Rb3 Ne2+ 26.Bxe2 Rxe2 27.Bd6 Bf5 28.Bxb8 Qxb8
29.Re1 Qf4 30.Rf3 Qxc1 31.Rxc1 Bb2 32.Rd1 Bc2 33.Rf1 Kf8 34.d6 f5 35.d7 Ke7
36.Re3+ Rxe3 37.fxe3 Be4 38.Rd1 Kd8 39.Nc4 Bc3 40.Nd6 Bxa5 41.Nf7+ Ke7 42.d8=Q+ Bxd8
43.Nxd8 b5 44.Rd4 Ba8 45.Kf2 a5 46.Ke2 Bxg2 47.Kd3 g5 48.Kc3 h5 49.Rd2 Be4
50.Ra2 b4+ 51.Kc4 b3 52.Rd2 a4 53.Kb4 g4 54.Kxa4 h4 55.Kxb3 g3 56.hxg3 hxg3
57.Kc3 g2 58.Rd1 Bf3 59.Rg1 Kxd8 60.Kd2 Ke7 61.Ke1 Kf6  1/2-1/2

[Event "Open"]
[Site "Andorra AND"]
[Date "2001.07.08"]
[Round "9"]
[White "Mikhalevski,A"]
[Black "Marin,M"]
[Result "0-1"]
[WhiteElo "2443"]
[BlackElo "2601"]

1.d4 Nf6 2.c4 e6 3.Nf3 c5 4.d5 d6 5.Nc3 exd5 6.cxd5 g6 7.e4 a6 8.a4 Bg4 9.Be2 Bxf3
10.Bxf3 Bg7 11.O-O O-O 12.Bd2 Nbd7 13.Be2 Rc8 14.Bc4 Ne8 15.f4 Nc7 16.Qf3 Rb8
17.a5 b5 18.axb6 Nxb6 19.b3 Nb5 20.Rxa6 Bd4+ 21.Kh1 Nxc4 22.bxc4 Nxc3 23.e5 Rb3
24.Rxd6 Qb8 25.Be1 Rb1 26.Rd7 Qb2 27.e6 Qc1 28.h4 fxe6 29.dxe6 Qd1 30.Qxd1 Nxd1
31.f5 gxf5 32.e7 Re8 33.Rd8 Kf7  0-1

[Event "PanAm Junior"]
[Site "Yucay PER"]
[Date "2001.07.09"]
[Round "2"]
[White "Pacheco,M"]
[Black "Padilla,H"]
[Result "0-1"]
[WhiteElo "2201"]
[BlackElo "2186"]

1.d4 Nf6 2.c4 c5 3.d5 e6 4.Nc3 exd5 5.cxd5 d6 6.Nf3 g6 7.e4 Bg7 8.Be2 O-O
9.O-O Re8 10.Qc2 Na6 11.Re1 Nc7 12.Bf4 Bg4 13.h3 Bxf3 14.Bxf3 Nh5 15.Bxh5 gxh5
16.a4 Qf6 17.Qd2 a6 18.Bg5 Qg6 19.Qf4 Be5 20.Qh4 b5 21.axb5 axb5 22.Rxa8 Rxa8
23.Bd8 b4 24.Bxc7 bxc3 25.bxc3 Bxc3 26.Re3 Be5 27.g4 c4 28.Qxh5 Qxh5 29.gxh5 c3
30.Re1 c2 31.Rc1 Ra1  0-1

[Event "ch-NOR"]
[Site "Kristiansund NOR"]
[Date "2001.07.10"]
[Round "4"]
[White "Lahlum,H"]
[Black "Lie,K"]
[Result "1-0"]
[WhiteElo "2227"]
[BlackElo "2347"]

1.d4 Nf6 2.c4 c5 3.d5 e6 4.Nc3 exd5 5.cxd5 d6 6.Nf3 g6 7.Bf4 a6 8.a4 Bg7
9.e4 O-O 10.Be2 Qe7 11.Nd2 Nbd7 12.O-O Rb8 13.Nc4 Ne8 14.Qd2 Ne5 15.Nxe5 Bxe5
16.Bxe5 Qxe5 17.f4 Qg7 18.Qe3 f6 19.Bc4 Nc7 20.a5 b5 21.axb6 Rxb6 22.e5 Re8
23.e6 f5 24.b3 Bb7 25.Rad1 Bc8 26.Kh1 Bd7 27.g4 Kh8 28.gxf5 gxf5 29.Rg1 Qf6
30.Rd2 Bb5 31.Rdg2 Rbb8 32.Qg3 Bxc4 33.bxc4 Na8 34.Na4 h6 35.Qg7+ Qxg7 36.Rxg7 Rg8
37.Rd7 Rxg1+ 38.Kxg1 Kg8 39.Rxd6 Kf8 40.Nxc5 Rc8 41.Rxa6 Rxc5 42.Rxa8+ Ke7
43.Ra7+ Kd6 44.Rd7+  1-0

[Event "Asian U20"]
[Site "Tehran IRI"]
[Date "2001.07.18"]
[Round "8"]
[White "Moradiabadi,E"]
[Black "Rathnakaran,K"]
[Result "0-1"]
[WhiteElo "2404"]
[BlackElo "2258"]

1.d4 Nf6 2.Nf3 c5 3.d5 e6 4.c4 exd5 5.cxd5 d6 6.Nc3 g6 7.e4 Bg7 8.Bd3 O-O
9.h3 a6 10.a4 Nbd7 11.O-O Re8 12.Re1 Qc7 13.Bf4 c4 14.Bf1 Rb8 15.a5 b5 16.axb6 Rxb6
17.Qc2 Rb4 18.Ra4 Qb8 19.Rxb4 Qxb4 20.Nd2 Nb6 21.Be3 Nfd7 22.Rb1 Nc5 23.Na2 Qa4
24.Qxa4 Nbxa4 25.Nxc4 Nxe4 26.Bd3 Nac5 27.Nxd6 Nxd6 28.Bxc5 Rd8 29.Ba3 Bb7
30.Nb4 Nb5 31.Bxb5 axb5 32.Nc6 Rd7 33.Re1 f5 34.Re8+ Kf7 35.Rb8  0-1

[Event "Heart of Finland Open"]
[Site "Jyvaskyla FIN"]
[Date "2001.07.20"]
[Round "6"]
[White "Fieandt,J"]
[Black "Hentunen,A"]
[Result "1-0"]
[WhiteElo "2190"]
[BlackElo "2360"]

1.d4 Nf6 2.c4 e6 3.Nf3 c5 4.d5 exd5 5.cxd5 d6 6.Nc3 g6 7.g3 Bg7 8.Bg2 O-O
9.O-O Re8 10.Nd2 Nbd7 11.h3 Nb6 12.a4 Bd7 13.a5 Nc8 14.Qb3 Rb8 15.Nc4 Nh5
16.g4 Nf6 17.Bf4 Qc7 18.Rfe1 h5 19.g5 Nh7 20.Ne4 Be5 21.Bxe5 dxe5 22.Qg3 Bb5
23.d6 Qd8 24.Red1 Bxc4 25.d7 Rf8 26.dxc8=Q Qxc8 27.Qe3 b6 28.axb6 axb6 29.Nd6 Qe6
30.h4 Rfd8 31.Bh3 Qxd6 32.Rxd6 Rxd6 33.Qxe5 Rbd8 34.e3 Rd1+ 35.Rxd1 Rxd1+
36.Kh2 Bd5 37.e4 Bc4 38.Qb8+ Nf8 39.Qxb6 Ne6 40.Bxe6 Bxe6 41.Qxc5 Rd3 42.b4 Rh3+
43.Kg2 Rb3 44.b5 Bg4 45.Qd5 Rb1 46.b6 Be2 47.Qa8+  1-0

[Event "Czech Open"]
[Site "Pardubice CZE"]
[Date "2001.07.22"]
[Round "3"]
[White "Duppel,M"]
[Black "Tugui,A"]
[Result "1-0"]
[WhiteElo "2455"]
[BlackElo "2327"]

1.d4 Nf6 2.c4 c5 3.d5 e6 4.Nf3 d6 5.Nc3 exd5 6.cxd5 g6 7.Nd2 a6 8.a4 Nbd7
9.e4 Bg7 10.Be2 O-O 11.O-O Ne8 12.Ra3 Rb8 13.Kh1 Nc7 14.Rb3 f5 15.exf5 gxf5
16.Nc4 Ne5 17.Nb6 Na8 18.Nxc8 Qxc8 19.a5 b5 20.axb6 Nxb6 21.f4 Nec4 22.Qc2 Qd8
23.Nd1 Na5 24.Rg3 Nc8 25.Bd2 Rf6 26.Bh5 Ne7 27.Nc3 Rg6 28.Bxg6 Nxg6 29.Qxf5  1-0

[Event "ch-Paris Open"]
[Site "Paris FRA"]
[Date "2001.07.23"]
[Round "3"]
[White "Toulzac,PY"]
[Black "Lupu,MS"]
[Result "0-1"]
[WhiteElo "2257"]
[BlackElo "2454"]

1.d4 e6 2.c4 Nf6 3.Nf3 c5 4.d5 d6 5.Nc3 exd5 6.cxd5 g6 7.h3 Qe7 8.Bf4 Nh5
9.Bh2 a6 10.e3 Bg7 11.Be2 b5 12.Nd2 Bxc3 13.bxc3 Nf6 14.O-O O-O 15.a4 Bb7
16.c4 Nbd7 17.Rb1 b4 18.a5 Rad8 19.Qc2 Bc8 20.Rbe1 Ne8 21.e4 f6 22.f4 Ng7
23.Bd3 Rde8 24.Re2  0-1

[Event "Czech Open"]
[Site "Pardubice CZE"]
[Date "2001.07.25"]
[Round "6"]
[White "Gagarin,V"]
[Black "Zvara,P"]
[Result "1-0"]
[WhiteElo "2431"]
[BlackElo "2340"]

1.d4 Nf6 2.c4 c5 3.d5 e6 4.Nc3 exd5 5.cxd5 d6 6.Nf3 g6 7.g3 Bg7 8.Bg2 O-O
9.O-O Na6 10.Nd2 Nc7 11.Nc4 Nfe8 12.Bf4 g5 13.Be3 f5 14.Qd2 h6 15.f4 g4 16.a4 Bd7
17.Bf2 b5 18.axb5 Nxb5 19.Na5 Nxc3 20.bxc3 Nf6 21.Rfb1 Rb8 22.Nc6 Rxb1+ 23.Rxb1 Qc7
24.Qd3 Ne4 25.Ne7+ Kf7 26.Nxf5 Bxf5 27.Bxe4 c4 28.Qc2 Bxe4 29.Qxe4 Bxc3 30.Qh7+ Bg7
31.Bd4 Rg8 32.f5 c3 33.Qg6+ Kf8 34.f6 Bh8 35.Qxh6+ Ke8 36.f7+ Qxf7 37.Rb8+ Ke7
38.Rb7+ Ke8 39.Qe3+  1-0

[Event "Czech Open"]
[Site "Pardubice CZE"]
[Date "2001.07.26"]
[Round "7"]
[White "Adler,J"]
[Black "Duppel,M"]
[Result "1-0"]
[WhiteElo "2328"]
[BlackElo "2455"]

1.d4 Nf6 2.c4 e6 3.Nf3 c5 4.d5 d6 5.Nc3 exd5 6.cxd5 g6 7.e4 Bg7 8.h3 O-O
9.Bd3 b5 10.Bxb5 Nxe4 11.Nxe4 Qa5+ 12.Nfd2 Qxb5 13.Nxd6 Qa6 14.N2c4 Nd7 15.O-O Nb6
16.Nxb6 Qxb6 17.Nxc8 Raxc8 18.Rb1 Rfd8 19.Bg5 f6 20.Bf4 Qb4 21.Qf3 Qc4 22.d6 Qxa2
23.b3 Rd7 24.Qd5+ Kh8 25.Rbe1 Bf8 26.Re6 Qc2 27.Rxf6 Bg7 28.Rf7 Rxf7 29.Qxf7 Rf8
30.Qe7 Qxb3 31.d7 Qg8 32.Rd1 Bf6 33.Be5  1-0

[Event "MTO"]
[Site "Biel SUI"]
[Date "2001.07.27"]
[Round "5"]
[White "Rupel,D"]
[Black "Schweizer,R"]
[Result "1-0"]
[WhiteElo "2118"]
[BlackElo "2033"]

1.d4 Nf6 2.c4 e6 3.Nc3 c5 4.d5 exd5 5.cxd5 d6 6.Nf3 a6 7.a4 g6 8.Nd2 Nbd7
9.Nc4 Nb6 10.e4 Bg7 11.Bf4 Nxc4 12.Bxc4 O-O 13.O-O Re8 14.Re1 Nh5 15.Bd2 Qh4
16.g3 Qh3 17.Bf1 Qd7 18.a5 Rb8 19.Na4 Qc7 20.Qc2 Bd7 21.Nb6 f5 22.Bh3 Rf8
23.exf5 Bxf5 24.Bxf5 gxf5 25.Bg5 Rf7 26.Re6 Nf6 27.Qxf5 Nd7 28.Qxf7+ Kxf7
29.Re7+ Kg6 30.Rxd7 Qxd7 31.Nxd7 Re8 32.Be3 Re7 33.Nb6 Bxb2 34.Rb1 Bc3 35.Nc4 b5
36.axb6 a5 37.b7  1-0

[Event "GM"]
[Site "Hasselbacken SWE"]
[Date "2001.07.30"]
[Round "3"]
[White "Yakovich,Y"]
[Black "Wedberg,T"]
[Result "1/2-1/2"]
[WhiteElo "2577"]
[BlackElo "2505"]

1.d4 Nf6 2.c4 e6 3.Nf3 c5 4.d5 d6 5.Nc3 exd5 6.cxd5 g6 7.Bf4 a6 8.e4 b5 9.Qe2 Be7
10.Qc2 O-O 11.a4 b4 12.Nd1 Nh5 13.Bh6 Re8 14.Bd3 Bf8 15.Bg5 f6 16.Be3 f5
17.exf5 Nf4 18.fxg6 Nxg2+ 19.Kd2 Qf6 20.gxh7+ Kh8 21.Ne1 Nxe3 22.fxe3 Bh6
23.Rf1 Qe5 24.Ng2 Qxh2 25.Kc1  1/2-1/2

[Event "GM"]
[Site "Hasselbacken SWE"]
[Date "2001.08.01"]
[Round "5"]
[White "Bellon Lopez,JM"]
[Black "Wedberg,T"]
[Result "1/2-1/2"]
[WhiteElo "2432"]
[BlackElo "2505"]

1.d4 Nf6 2.c4 e6 3.Nf3 c5 4.d5 d6 5.Nc3 exd5 6.cxd5 g6 7.h3 a6 8.a4 Qe7 9.Bg5 h6
10.Bh4 Nbd7 11.e3 Bg7 12.Nd2 Ne5 13.Be2 g5 14.Bg3 O-O 15.O-O Bf5 16.Bxe5 Qxe5
17.Nc4 Qe7 18.Bd3 Bxd3 19.Qxd3 Nd7 20.Qf5 b5 21.Nd2 Rfb8 22.axb5 Bxc3 23.bxc3 axb5
24.Ne4 Kg7 25.Ng3 Nf6 26.Qd3 Qe5 27.Rxa8 Rxa8 28.Qxb5 Nxd5 29.Qd7 Nxc3 30.Nf5+ Kg6
31.Nxd6 Qe6 32.Nxf7 Qxd7 33.Ne5+ Kf5 34.Nxd7 Ra5 35.Kh2 Ke6 36.Nb6 Rb5 37.Rc1 Na2
38.Ra1 Rxb6 39.Rxa2 c4 40.h4 c3 41.hxg5 hxg5 42.Rc2 Rb3 43.Kg3 Kd5 44.Kg4 Kc4
45.Kxg5 Rb5+ 46.Kg6 Rb6+ 47.Kg5 Rb5+ 48.Kg6 Rb6+ 49.Kg5 Rb5+  1/2-1/2

[Event "It"]
[Site "Nikolaev UKR"]
[Date "2001.08.01"]
[Round "1"]
[White "Bets,A"]
[Black "Savon,V"]
[Result "1-0"]
[WhiteElo "2402"]
[BlackElo "2449"]

1.d4 Nf6 2.c4 e6 3.Nf3 c5 4.d5 exd5 5.cxd5 d6 6.Nc3 a6 7.a4 g6 8.h3 Qe7 9.Bg5 Bg7
10.e3 h6 11.Bh4 g5 12.Bg3 Nh5 13.Bh2 Nf4 14.a5 Nd7 15.Nd2 O-O 16.h4 Nf6 17.hxg5 hxg5
18.Qc2 Bg4 19.Nc4 Bh5 20.Bxf4 gxf4 21.Bd3 Rfe8 22.f3 Rad8 23.O-O-O fxe3 24.Rde1 Qc7
25.g4 Bg6 26.Bxg6 fxg6 27.Qxg6 e2 28.g5 Nd7 29.Ne4 Ne5 30.Nxe5 Rxe5 31.Rxe2 Qf7
32.Rh8+  1-0

[Event "GM"]
[Site "Hasselbacken SWE"]
[Date "2001.08.03"]
[Round "7"]
[White "Grabarczyk,M"]
[Black "Wedberg,T"]
[Result "1/2-1/2"]
[WhiteElo "2499"]
[BlackElo "2505"]

1.d4 Nf6 2.c4 e6 3.Nf3 c5 4.d5 d6 5.Nc3 exd5 6.cxd5 g6 7.h3 Bg7 8.e4 O-O
9.Bd3 Nbd7 10.O-O Nh5 11.Bg5 Bf6 12.Bh6 Re8 13.Qd2 a6 14.a4 Rb8 15.Rfb1 Qe7
16.b3 Ne5 17.Be2 Nxf3+ 18.Bxf3 Ng7 19.Rc1 b5 20.axb5 axb5 21.b4 Be5 22.Rab1 Bd7
23.Bf4 c4 24.Ra1 Ra8 25.Bg4 f6 26.Bxd7 Qxd7 27.g4 Qb7 28.Kg2 Bxc3 29.Qxc3 Rxe4
30.Qf3 Rxa1 31.Rxa1 Qxd5 32.Rd1 Qb7 33.Rxd6 Re7 34.Qxb7 Rxb7 35.Rxf6 Rf7
36.Rxf7 Kxf7 37.Kf3 Ne6 38.Be3 Nc7 39.Ke4 Ke6  1/2-1/2

[Event "ch-IRI"]
[Site "Tehran IRI"]
[Date "2001.08.06"]
[Round "10"]
[White "Ghane,S"]
[Black "Moradiabadi,E"]
[Result "0-1"]
[WhiteElo "2428"]
[BlackElo "2404"]

1.d4 Nf6 2.Nf3 c5 3.d5 e6 4.c4 exd5 5.cxd5 d6 6.Nc3 g6 7.g3 Bg7 8.Bg2 O-O
9.O-O a6 10.a4 Re8 11.Nd2 Nbd7 12.h3 Rb8 13.Nc4 Nb6 14.Na3 Bd7 15.e4 Nc8
16.Qd3 Qa5 17.Nc4 Qc7 18.Na3 Nb6 19.Qc2 Re7 20.Bg5 h6 21.Be3 Rbe8 22.Rad1 Nh7
23.b3 Nc8 24.Nab1 b5 25.axb5 axb5 26.Rc1 b4 27.Nd1 Ng5 28.f3 Nxh3+ 29.Kh2 Ng5
30.Qd2 Qa5 31.Rh1 Qa1 32.Nf2 Qb2 33.Qxb2 Bxb2 34.Rc2 Bg7 35.Ra2 f5 36.Nd2 Nf7
37.Bf1 Nb6 38.Nd3 Nxd5 39.Bf2 Nc3 40.Ra6 fxe4 41.fxe4 Nxe4 42.Nxe4 Rxe4 43.Nf4 g5
44.Nd5 Be6 45.Nc7 Bxb3 46.Nxe8 Rxe8 47.Rb6 Bd5 48.Bg2 Bxg2 49.Kxg2 Bf8 50.Ra1 Ne5
51.Ra7 Nd3 52.Bg1 g4 53.Rc7 Ne1+ 54.Kf1 Nf3 55.Bf2 Nd2+ 56.Kg2 Re2 57.Rb8 Ne4
58.Re8 Rxf2+ 59.Kg1 Rf7 60.Rxf7 Kxf7 61.Rxe4 h5 62.Kf2 d5 63.Re5 b3 64.Rxd5 Ke6
65.Rxh5 b2 66.Rh1 Kd5 67.Ke3 Kc4  0-1

[Event "FSIMA August"]
[Site "Budapest HUN"]
[Date "2001.08.12"]
[Round "9"]
[White "Sinkovics,P"]
[Black "Cooke,E"]
[Result "0-1"]
[WhiteElo "2301"]
[BlackElo "2237"]

1.d4 Nf6 2.c4 e6 3.Nc3 c5 4.d5 exd5 5.cxd5 d6 6.Nf3 g6 7.Nd2 Bg7 8.e4 O-O
9.Be2 a6 10.a4 Re8 11.O-O Nbd7 12.Ra3 Rb8 13.a5 Qe7 14.Nc4 Ne5 15.Nb6 Qf8
16.Qc2 Kh8 17.Kh1 Ned7 18.Nc4 b5 19.axb6 Nxb6 20.Na5 Nfd7 21.Nc6 Ra8 22.f4 f5
23.exf5 gxf5 24.Bh5 Nf6 25.Bxe8 Qxe8 26.Qd1 Nbxd5 27.Nxd5 Qxc6 28.Ne7 Qb5
29.Rb3 Qd7 30.Nxc8 Rxc8 31.Rb6 Ne4 32.Qd5 Bd4 33.g3 Rf8 34.b3 Qe8 35.Qc4 Qa8  0-1

[Event "TCh-ESP Div 2"]
[Site "Vila Real ESP"]
[Date "2001.08.15"]
[Round "3"]
[White "Fernandez Garcia,M"]
[Black "Tebar Moreno,J"]
[Result "1-0"]
[WhiteElo "2185"]
[BlackElo "2192"]

1.d4 Nf6 2.c4 e6 3.Nf3 c5 4.d5 exd5 5.cxd5 d6 6.Nc3 g6 7.Nd2 Bg7 8.Nc4 O-O
9.g3 Na6 10.Bg2 Nc7 11.a4 b6 12.Nxd6 Qxd6 13.Bf4 Qd7 14.d6 Ne6 15.Bxa8 Nxf4
16.gxf4 Rd8 17.Qd2 Ne8 18.Bg2 Qg4 19.Bf3 Qe6 20.O-O-O Nxd6 21.Qc2 Re8 22.Bc6 Rf8
23.e3 a6 24.h4 h5 25.Rhg1 Nf5 26.Bd5 Qf6 27.Ne4 Qxh4 28.Rxg6 Rd8 29.Rg5 Kf8
30.Ng3 Nxg3 31.fxg3 Qh3 32.Qh7  1-0

[Event "I American Continental"]
[Site "Cali COL"]
[Date "2001.08.16"]
[Round "7"]
[White "Cueto,J BOL"]
[Black "Morejon,E"]
[Result "1/2-1/2"]
[WhiteElo "2363"]
[BlackElo "2173"]

1.d4 Nf6 2.c4 e6 3.Nf3 c5 4.d5 exd5 5.cxd5 d6 6.Nc3 a6 7.a4 g6 8.e4 Bg4 9.Be2 Bxf3
10.Bxf3 Bg7 11.O-O O-O 12.Bf4 Re8 13.Re1 Qc7 14.g4  1/2-1/2

[Event "Rubinstein Open"]
[Site "Polanica Zdroj POL"]
[Date "2001.08.17"]
[Round "2"]
[White "Kowzan,P"]
[Black "Smetankin,S"]
[Result "0-1"]
[WhiteElo "2256"]
[BlackElo "2433"]

1.d4 Nf6 2.c4 c5 3.d5 e6 4.Nc3 exd5 5.cxd5 d6 6.Nf3 g6 7.Nd2 a6 8.a4 Nbd7
9.e4 Bg7 10.Be2 O-O 11.f4 Re8 12.O-O c4 13.e5 dxe5 14.Nxc4 exf4 15.Bxf4 Ne4
16.Nxe4 Rxe4 17.Bd3 Rd4 18.Qf3 Nf6 19.Be5 Qxd5 20.Bxd4 Qxd4+ 21.Kh1 Be6 22.Rac1 Bd5
23.Qg3 b5 24.axb5 axb5 25.Nd6 Nh5 26.Qh3 Nf4 27.Nxb5 Qxd3 28.Qxd3 Bxg2+ 29.Kg1 Nxd3
30.Kxg2 Nxc1 31.Rxc1 Bxb2 32.Rc2 Be5 33.Kf3 Ra5 34.Nc7 Kf8  0-1

[Event "Rubinstein Open"]
[Site "Polanica Zdroj POL"]
[Date "2001.08.19"]
[Round "4"]
[White "Kempinski,R"]
[Black "Smetankin,S"]
[Result "1/2-1/2"]
[WhiteElo "2595"]
[BlackElo "2433"]

1.d4 Nf6 2.c4 c5 3.d5 e6 4.Nc3 exd5 5.cxd5 d6 6.Nf3 g6 7.Bg5 h6 8.Bh4 g5
9.Bg3 Nh5 10.Qa4+ Nd7 11.e3 Nxg3 12.hxg3 Bg7 13.Qe4+ Qe7 14.Qc2 a6 15.a4 Ne5
16.a5 O-O 17.Na4 Qf6 18.Nxe5 Qxe5 19.Rd1 Bd7 20.Nb6 Rad8 21.Rd2 f5 22.Bd3 f4
23.Nc4 Qe7 24.gxf4 gxf4 25.Re2  1/2-1/2

[Event "Trophy Chessgalaxy"]
[Site "Naujac-sur-Mer FRA"]
[Date "2001.08.21"]
[Round "1"]
[White "Siebrecht,S"]
[Black "Marin,M"]
[Result "0-1"]
[WhiteElo "2414"]
[BlackElo "2565"]

1.d4 Nf6 2.Nf3 e6 3.c4 c5 4.d5 d6 5.Nc3 exd5 6.cxd5 a6 7.a4 g6 8.h3 Qe7 9.Nd2 Nbd7
10.e4 Bg7 11.Be2 O-O 12.O-O Rb8 13.a5 Ne8 14.f4 Nc7 15.Bd3 b5 16.axb6 Nxb6
17.Qf3 Nb5 18.Bxb5 axb5 19.Nxb5 Nxd5 20.Na7 Nb4 21.Nxc8 Rfxc8 22.e5 Nc2 23.Ra6 Nd4
24.Qd5 dxe5 25.Ne4 Ne2+ 26.Kh2 Nxf4 27.Bxf4 exf4 28.Re1 Qh4 29.Ra7 Rf8 30.Rd1 Rxb2
31.Ng5 Qg3+ 32.Kh1 f3 33.Qxf7+ Rxf7  0-1

[Event "Ron Banwell Masters"]
[Site "London ENG"]
[Date "2001.08.22"]
[Round "5"]
[White "Maduekwe,C"]
[Black "Crouch,C"]
[Result "0-1"]
[WhiteElo "2145"]
[BlackElo "2407"]

1.d4 Nf6 2.c4 e6 3.Nf3 c5 4.d5 exd5 5.cxd5 d6 6.Nc3 g6 7.e4 Bg4 8.Qa4+ Bd7
9.Qd1 Bg7 10.a4 O-O 11.h3 Re8 12.Bd3 Nxe4 13.Bxe4 f5 14.Ng5 fxe4 15.O-O e3
16.Ne6 exf2+ 17.Kh1 Bxe6 18.dxe6 Nc6 19.Ne4 Qe7 20.Ra3 Nd4 21.Rxf2 Qxe6 22.Re3 Nf5
23.Ree2 Bd4 24.Bg5 Bxf2 25.Nf6+ Qxf6 26.Bxf6 Rxe2 27.Qd5+ Kf8 28.Bc3 Rae8
29.g4 Re1+  0-1

[Event "Schwarzach Open A"]
[Site "Salzburg AUT"]
[Date "2001.08.29"]
[Round "5"]
[White "Danner,G"]
[Black "Medvegy,Z"]
[Result "0-1"]
[WhiteElo "2421"]
[BlackElo "2430"]

1.d4 c5 2.d5 Nf6 3.c4 e6 4.Nc3 exd5 5.cxd5 d6 6.Nf3 g6 7.Nd2 Bg7 8.Nc4 O-O
9.Bg5 h6 10.Bh4 Na6 11.e3 Nc7 12.a4 b6 13.Be2 Ba6 14.O-O Bxc4 15.Bxc4 a6
16.Qd3 Qd7 17.f3 Rfe8 18.Rfe1 Nh5 19.g4 Nf6 20.e4 Nh7 21.Bg3 Be5 22.Bxe5 dxe5
23.d6 Ne6 24.Bxe6 Rxe6 25.Red1 Kg7 26.Rd2 Ng5 27.Nd5 Qxd6 28.h4 Nh7 29.Nf4 Qc6
30.Nxe6+ Qxe6 31.Qd6 Nf8 32.Rad1 b5 33.Qxc5 Qf6 34.axb5 Qxf3 35.Qxe5+ Kg8
36.Qd5 Ra7 37.Rf1 Qg3+ 38.Rg2 Qe3+ 39.Kh2 axb5 40.Qxb5 Qxe4 41.Qb8 Qe7 42.Qg3 Rb7
43.Rgf2 Qe6 44.Qf4 Nh7 45.Rd1 Nf8 46.Rd3 Qe7 47.Kh3 Rb4 48.Qf3 h5 49.g5 Qe6+
50.Kg2 Rxh4 51.Re2 Rg4+ 52.Kf1 Qc4 53.Rc3 Qa4 54.Ra3 Qd4 55.Rf2 Qc4+ 56.Rd3 Rxg5
57.b3 Qe6 58.Qf6 Rb5 59.Qxe6 Nxe6 60.Ke1 Kg7 61.Kd1 g5 62.Rd7 Nf4 63.Kc2 h4
64.Kc3 Kg6 65.Kc4 Rb8 66.b4 h3 67.b5 f6 68.Rd6 Rc8+ 69.Rc6 Rh8 70.b6 h2 71.Rxh2 Rxh2
72.Kb3 Rh8 73.b7 Rb8 74.Rb6 Ne6 75.Kc4 Nd8 76.Rd6 Nxb7 77.Rd7 Rc8+ 78.Kd4 Rd8  0-1

[Event "Tatry Open"]
[Site "High Tatras SVK"]
[Date "2001.09.30"]
[Round "2"]
[White "Sulko,J"]
[Black "Sikora Lerch,J"]
[Result "0-1"]
[WhiteElo "2110"]
[BlackElo "2308"]

1.d4 c5 2.d5 Nf6 3.c4 e6 4.Nc3 exd5 5.cxd5 d6 6.Nf3 g6 7.Nd2 Bg7 8.e4 O-O
9.Be2 b6 10.O-O Ba6 11.Nb5 Bxb5 12.Bxb5 a6 13.Be2 Nbd7 14.a4 Ne8 15.Nc4 b5
16.axb5 axb5 17.Rxa8 Qxa8 18.Na3 b4 19.Nc4 Ne5 20.Ne3 Nc7 21.f4 Nd7 22.Nc4 Nb5
23.Ne5 Qb7 24.Nxd7 Qxd7 25.Qa4 Rb8 26.Be3 Bxb2 27.f5 Qe8 28.fxg6 hxg6 29.Bf4 Bd4+
30.Kh1 Nc3 31.Qxe8+ Rxe8 32.Bc4 Nxe4 33.h4 Be5 34.Bd3 Bxf4 35.Rxf4 Nc3 36.Rf6 b3
37.Rxd6 Re3 38.Rb6 Rxd3 39.Rxb3 Rd1+ 40.Kh2 Nxd5  0-1

[Event "Chigorin Mem Open"]
[Site "St Petersburg RUS"]
[Date "2001.10.02"]
[Round "8"]
[White "Bocharov,D"]
[Black "Poluljahov,A"]
[Result "1-0"]
[WhiteElo "2425"]
[BlackElo "2532"]

1.d4 Nf6 2.Nf3 e6 3.c4 c5 4.d5 d6 5.Nc3 exd5 6.cxd5 g6 7.h3 a6 8.a4 Qe7 9.Bf4 Nbd7
10.Nd2 Ne5 11.e3 Bg7 12.Be2 O-O 13.O-O Nfd7 14.Bh2 f5 15.Qc2 Rb8 16.Rae1 Qd8
17.f4 Nf7 18.e4 fxe4 19.Ndxe4 Nf6 20.Ng5 Nxg5 21.fxg5 Ne8 22.Rxf8+ Bxf8 23.Ne4 Bf5
24.Bg4 Bxg4 25.hxg4 Bg7 26.Kh1 b5 27.Qe2 Bd4 28.axb5 axb5 29.Nxd6 Nxd6 30.Qe6+ Kg7
31.Bxd6 Rb6 32.Rf1 Rxd6 33.Qf7+ Kh8 34.Re1  1-0

[Event "FSIMA October"]
[Site "Budapest HUN"]
[Date "2001.10.06"]
[Round "1"]
[White "Galyas,M"]
[Black "Kersten,U"]
[Result "1-0"]
[WhiteElo "2347"]
[BlackElo "2369"]

1.d4 Nf6 2.Nf3 e6 3.c4 c5 4.d5 d6 5.Nc3 exd5 6.cxd5 g6 7.e4 a6 8.a4 Bg4 9.Be2 Bxf3
10.Bxf3 Bg7 11.O-O Nbd7 12.Bf4 Qe7 13.Qd2 O-O 14.Bh6 Bxh6 15.Qxh6 Ne8 16.Be2 Nc7
17.Qd2 Rab8 18.f4 f6 19.Bg4 Rfe8 20.e5 fxe5 21.Bxd7 Qxd7 22.Ne4 Qd8 23.Rae1 Kg7
24.f5 gxf5 25.Rxf5 Qe7 26.Rh5 Rf8 27.Ng5 Rh8 28.Ne6+ Nxe6 29.Qh6+ Kf7 30.dxe6+ Ke8
31.Rf1 Rf8 32.Rxf8+ Qxf8 33.Qxh7 Rd8 34.Qg6+  1-0

[Event "6th Wichern Open"]
[Site "Hamburg GER"]
[Date "2001.10.16"]
[Round "4"]
[White "Rahman,Tai"]
[Black "Bruemmel,A"]
[Result "1-0"]
[WhiteElo "2308"]
[BlackElo "2129"]

1.d4 Nf6 2.c4 e6 3.Nf3 c5 4.d5 exd5 5.cxd5 d6 6.Nc3 g6 7.h3 Bg7 8.e4 O-O
9.Bd3 a6 10.a4 Re8 11.O-O Nbd7 12.Bf4 Qc7 13.Re1 Nh5 14.Bh2 Ne5 15.Nxe5 Bxe5
16.Bxe5 Rxe5 17.Qd2 f6 18.f4 Re7 19.e5 fxe5 20.fxe5 Rxe5 21.Rxe5 dxe5 22.d6 Qg7
23.Ne4 b6 24.a5 b5 25.Nxc5 Ra7 26.Be4 Nf6 27.Bd5+ Kh8 28.Rf1 h5 29.Be6 Ne4
30.Qe3 Nxd6 31.Bxc8 Nxc8 32.Ne6  1-0

[Event "TCh-FIN 2001-02"]
[Site "FIN"]
[Date "2001.10.20"]
[Round "2"]
[White "Koskinen,Hen"]
[Black "Hentunen,A"]
[Result "1-0"]
[WhiteElo "2334"]
[BlackElo "2317"]

1.d4 Nf6 2.c4 e6 3.Nf3 c5 4.d5 exd5 5.cxd5 d6 6.Nc3 g6 7.Bf4 Bg7 8.Qa4+ Bd7
9.Qb3 Qc7 10.e4 Nh5 11.Be3 O-O 12.Be2 a6 13.Nd2 Nf6 14.a4 Re8 15.O-O Ra7
16.Bf4 b6 17.Bf3 Rb7 18.Nc4 Bf8 19.e5 dxe5 20.d6 Bxd6 21.Bxb7 exf4 22.Qxb6 Qxb6
23.Nxb6 Bc6 24.Rad1 Be5 25.Bxc6 Nxc6 26.Nd7 Nxd7 27.Rxd7 Rb8 28.Ne4 Bd4 29.Rc7 Ne5
30.Nxc5 Rxb2 31.h3 a5 32.Rb7 Ra2 33.Rb5 Nc4 34.Nb3 Bb6 35.Nc5 Rc2 36.Nd3 f3
37.gxf3 Rc3 38.Rc1 Rxd3 39.Rxc4 Rd6 40.Kg2 Kg7 41.Rc8 Bd8 42.Rcc5 Bh4 43.Rd5 Rc6
44.Rbc5 Rxc5 45.Rxc5 Bd8 46.f4 Kf6 47.Kf3 Ke6 48.f5+ Kd6 49.Rb5 Bc7 50.Ke4 Kc6
51.f4 Kd6 52.fxg6 hxg6 53.f5 Kc6 54.fxg6 fxg6 55.Kd4 Bd8 56.Ke5 g5 57.Ke6 Kc7
58.Rxa5  1-0

[Event "WYB14"]
[Site "Oropesa del Mar ESP"]
[Date "2001.10.23"]
[Round "3"]
[White "Porat,I"]
[Black "Bellaiche,A"]
[Result "0-1"]
[WhiteElo "2113"]
[BlackElo "2281"]

1.d4 Nf6 2.c4 e6 3.Nf3 c5 4.d5 exd5 5.cxd5 d6 6.Nc3 g6 7.e4 Bg7 8.Bd3 O-O
9.Nd2 Re8 10.O-O a6 11.a4 Nbd7 12.f4 Rb8 13.Nc4 Nb6 14.Qc2 Nxc4 15.Bxc4 Nxe4
16.Nxe4 Bf5 17.Bd3 c4 18.Qxc4 Rc8 19.Qb4 Bxe4 20.Bxe4 a5 21.Qxb7 Rxe4 22.Bd2 Re2
23.Bc3 Bxc3 24.bxc3 Rb8 25.Qa7 Rbb2 26.Rf3 Rxg2+ 27.Kf1 Rxh2 28.Rg3 Rh1+
29.Rg1 Qh4 30.Qb8+ Rxb8  0-1

[Event "Open"]
[Site "Le Touquet FRA"]
[Date "2001.10.27"]
[Round "?"]
[White "Roeder,M"]
[Black "Olivier,JC"]
[Result "1-0"]
[WhiteElo "2469"]
[BlackElo "2372"]

1.d4 Nf6 2.c4 e6 3.Nc3 c5 4.d5 exd5 5.cxd5 d6 6.Nf3 g6 7.Bf4 Bg7 8.Qa4+ Bd7
9.Qb3 Qc7 10.e4 O-O 11.Nd2 Nh5 12.Be3 f5 13.exf5 gxf5 14.Be2 Be8 15.Nf3 Qe7
16.O-O Bxc3 17.bxc3 f4 18.Bd2 Qxe2 19.Qxb7 Nd7 20.Qxa8 Ne5 21.Rfe1 Nxf3+
22.gxf3 Qd3 23.Rxe8 Qg6+ 24.Kh1 Rxe8 25.Qc6 Kf8 26.Rg1 Qf6 27.Rg8+  1-0

[Event "Chigorin Mem Open"]
[Site "St Petersburg RUS"]
[Date "2001.10.27"]
[Round "2"]
[White "Zakharevich,I"]
[Black "Kiselev,Ar"]
[Result "1-0"]
[WhiteElo "2456"]
[BlackElo "2225"]

1.d4 Nf6 2.c4 e6 3.Nf3 c5 4.d5 exd5 5.cxd5 d6 6.Nc3 a6 7.a4 g6 8.h3 Qe7 9.Bf4 Bg7
10.e3 Bf5 11.Nd2 O-O 12.g4 Bc8 13.Nc4 Rd8 14.Bg2 Ne8 15.O-O Nd7 16.a5 Rb8
17.Qd2 b5 18.axb6 Nxb6 19.Na5 Bd7 20.Qe2 Nc7 21.Rfd1 Be8 22.Rd2 Nb5 23.Ne4 Rbc8
24.Qf3 h6 25.g5 h5 26.Qg3 Ra8 27.Nf6+ Kh8 28.Bf3 Rdc8 29.Qh4 Nd7 30.Bxh5 Bxf6
31.Bxg6+ Kg8 32.Bh7+ Kh8 33.Bf5+ Kg8 34.gxf6 Qxf6 35.Qxf6 Nxf6 36.Bxc8 Rxc8
37.Nc4 Nc7 38.Nxd6  1-0

[Event "Chigorin Mem Open"]
[Site "St Petersburg RUS"]
[Date "2001.10.28"]
[Round "3"]
[White "Pushkov,N"]
[Black "Bratchenko,A"]
[Result "1-0"]
[WhiteElo "2541"]
[BlackElo "2384"]

1.d4 Nf6 2.c4 c5 3.d5 e6 4.Nc3 exd5 5.cxd5 d6 6.Nf3 g6 7.Bg5 Bg7 8.Nd2 h6
9.Bh4 a6 10.a4 O-O 11.e4 Re8 12.Be2 Nbd7 13.O-O g5 14.Bg3 Ne5 15.Re1 b6 16.Qc2 Nfd7
17.Nf1 Nf8 18.Ne3 Nfg6 19.Nf5 Bf8 20.Nd1 Qf6 21.Nde3 Nf4 22.Bf1 Bd7 23.Ra3 Qg6
24.f3 Qf6 25.Qd2 Rec8 26.Rc1 b5 27.axb5 axb5 28.Rca1 Rxa3 29.Rxa3 c4 30.Ra7 Qd8
31.Qd4 Ra8 32.Be1 Nfd3 33.Bxd3 Rxa7 34.Qxa7 Nxd3 35.Ba5 Qc8 36.Qd4 Qc5 37.Bc3 Qxd4
38.Bxd4 Kh7 39.Kf1 Kg6 40.Ke2 Nc1+ 41.Kd1 Nb3 42.Bc3 h5 43.Bb4 Nc5 44.Kc2 g4
45.Bxc5 dxc5 46.f4 Bc8 47.g3 Bd7 48.Nh4+ Kh7 49.e5 Be7 50.Nhf5 Bd8 51.Nd6 Kg7
52.Ne4 Bc8 53.f5 Bc7 54.d6 Bd8 55.Kd2 Ba5+ 56.Ke2 Bb7 57.Nxc5 Bf3+ 58.Kf2 Bb6
59.d7 b4 60.f6+  1-0